000 004600000a22001930004500
003 LK-CoMWRAF
008 230817t ||||| |||| 00| 0 eng d
040 _aLK-CoMWRAF
_dLK-CoMWRAF
_eLK-CoMWRAF
041 _aeng
082 _a100
_bBUH
100 _aBuhari, Saheehul
245 _aNabikalarin Pon Molikal
_b
250 _a3rd.ed
260 _aMadras
_bRahmath Arakaddalai
_b1997
300 _ap.950
490 _aVol.1
650 _ahadhees
942 _cBK
999 _c2913
_d2913